Podpora činnosti neziskových organizácií tretieho sektora zo strany podnikateľských subjektov prostredníctvom nepriamych štátnych nástrojov

Neziskové organizácie ako prvok sociálnej a hospodárskej politiky štátu. Tretí sektor a jeho význam pre spoločnosť. Zdroje financovania neziskových organizácií. Podpora štátu pre organizácie tretieho sektora. Spolupráca medzi podnikateľským a neziskovým sektorom.

Uložené v:
Podrobná bibliografia
Hlavný autor: Bukovová, Sylvia, 1959-
Médium: Kapitola
Jazyk:Slovak
Predmet:
Tagy: Pridať tag
Žiadne tagy, Buďte prvý, kto otaguje tento záznam!

MARC

LEADER 00000naa$a2200000$$$4500
001 0109039
005 20240521121137.0
041 0 |a slo 
044 |a SK 
245 1 0 |a Podpora činnosti neziskových organizácií tretieho sektora zo strany podnikateľských subjektov prostredníctvom nepriamych štátnych nástrojov  |c Sylvia Bukovová 
520 |a Neziskové organizácie ako prvok sociálnej a hospodárskej politiky štátu. Tretí sektor a jeho význam pre spoločnosť. Zdroje financovania neziskových organizácií. Podpora štátu pre organizácie tretieho sektora. Spolupráca medzi podnikateľským a neziskovým sektorom. 
610 2 0 |a organizácie neziskové 
610 2 0 |a organizácie nevládne 
610 2 0 |a sektor verejný 
610 2 0 |a financovanie 
610 2 0 |a podpora štátna 
610 2 0 |a dotácie 
610 2 0 |a granty 
100 1 |a Bukovová, Sylvia, 1959-